Concierto barroco
Novela corta, basada en la ópera “Montezuma” de Antonio Vivaldi. Su argumento se desarrolla a través de un mexicano rico que decide viajar a Europa acompañado de un Cubano, que se encuentra con Vivaldi y le cuenta la historia del emperador Moctezuma. A lo largo de la obra la música tiene un papel pr...
Enregistré dans:
| Auteur principal: | |
|---|---|
| Format: | Livre |
| Langue: | Undetermined |
| Publié: |
México, Distrito Federal
Siglo Veintiuno Editores
1983
|
| Sujets: | |
| Tags: |
Ajouter un tag
Pas de tags, Soyez le premier à ajouter un tag!
|
MARC
| LEADER | 00000nam a2200000Ia 4500 | ||
|---|---|---|---|
| 008 | 170316s9999 xx 000 0 und d | ||
| 040 | |a cru BVZT | ||
| 090 | |a 860 C-17c | ||
| 100 | |a Carpentier, Alejo |9 1357 | ||
| 245 | |a Concierto barroco | ||
| 260 | |a México, Distrito Federal | ||
| 260 | |b Siglo Veintiuno Editores | ||
| 260 | |c 1983 | ||
| 300 | |a 92 páginas | ||
| 520 | |a Novela corta, basada en la ópera “Montezuma” de Antonio Vivaldi. Su argumento se desarrolla a través de un mexicano rico que decide viajar a Europa acompañado de un Cubano, que se encuentra con Vivaldi y le cuenta la historia del emperador Moctezuma. A lo largo de la obra la música tiene un papel principal, ya que esta es una disciplina muy querida por el escritor. | ||
| 650 | |a LITERATURA LATINOAMERICANA |9 15 | ||
| 999 | |c 8486 |d 8486 | ||
| 942 | |c SALA |h 860 C-17c |2 z | ||
